[Event "the leisure version for good players over 2200"]
[Site "SchemingMind.com"]
[Date "2020.08.28"]
[Round "-"]
[White "DHall"]
[Black "frankly"]
[Result "0-1"]
[WhiteCountry "ENG"]
[BlackCountry "ENG"]
[WhiteElo "2243"]
[WhiteRD "71"]
[BlackElo "2598"]
[BlackRD "66"]
[GameID "459429"]

1. e4 e5 2. Nf3 Nc6 3. Bb5 a6 4. Ba4 Nf6 5. O-O Be7 6. Re1 b5 7. Bb3 O-O 8. c3 d6 9. h3 Nb8 10. d4 Nbd7
11. Nbd2 Bb7 12. Bc2 c5 13. d5 c4 14. Nf1 Qc7 15. Ng3 g6 16. Bh6 Rfb8 17. Qd2 a5 18. a3 Ba6
0-1

[Event "the leisure version for good players over 2200"]
[Site "SchemingMind.com"]
[Date "2020.08.28"]
[Round "-"]
[White "William Lindberg"]
[Black "DHall"]
[Result "1-0"]
[WhiteCountry "USA"]
[BlackCountry "ENG"]
[WhiteElo "2437"]
[WhiteRD "63"]
[BlackElo "2243"]
[BlackRD "71"]
[GameID "459430"]

1. c4 Nf6 2. d4 g6 3. Nf3 Bg7 4. Nc3 O-O 5. e4 d6 6. Be2 e5 7. d5 a5 8. Bg5 h6 9. Be3 Ng4 10. Bd2 f5
11. O-O Na6 12. exf5 gxf5 13. g3 f4 14. Na4 e4 15. Ne1
1-0

[Event "the leisure version for good players over 2200"]
[Site "SchemingMind.com"]
[Date "2020.08.28"]
[Round "-"]
[White "DHall"]
[Black "William Lindberg"]
[Result "0-1"]
[WhiteCountry "ENG"]
[BlackCountry "USA"]
[WhiteElo "2243"]
[WhiteRD "71"]
[BlackElo "2437"]
[BlackRD "63"]
[GameID "459431"]

1. e4 e5 2. Nf3 Nc6 3. Bc4 Nf6 4. d3 Bb4+ 5. c3 Ba5 6. O-O d6 7. Bg5 h6 8. Bh4 Bb6 9. Nbd2 g5 10. Bg3 O-O
11. b4 Ne7 12. d4 Ng4 13. a4 a5 14. h3 Nf6 15. dxe5 Nh5 16. Nxg5 Nxg3
0-1

[Event "the leisure version for good players over 2200"]
[Site "SchemingMind.com"]
[Date "2020.09.24"]
[Round "-"]
[White "Apocalypse"]
[Black "Keithk"]
[Result "1-0"]
[WhiteCountry "USA"]
[BlackCountry "ENG"]
[WhiteElo "2364"]
[WhiteRD "98"]
[BlackElo "2320"]
[BlackRD "67"]
[GameID "460265"]

1. e4 e5 2. Bc4 Nf6 3. Qe2 Bc5 4. Nf3 O-O 5. d3 c6 6. Bg5 d6 7. Nbd2 Nbd7 8. Bb3 Re8 9. c3 h6 10. Be3 a5
11. d4 exd4 12. cxd4 Bb4 13. O-O Bxd2 14. Nxd2 Nxe4 15. Bxh6
1-0

[Event "the leisure version for good players over 2200"]
[Site "SchemingMind.com"]
[Date "2020.09.24"]
[Round "-"]
[White "Keithk"]
[Black "Apocalypse"]
[Result "0-1"]
[WhiteCountry "ENG"]
[BlackCountry "USA"]
[WhiteElo "2320"]
[WhiteRD "67"]
[BlackElo "2364"]
[BlackRD "98"]
[GameID "460266"]

1. e4 c5 2. Nc3 d6 3. Nge2 Nf6 4. g3 g6 5. Bg2 Bg7 6. a4 Bd7 7. h3 O-O 8. O-O a6 9. d4 cxd4 10. Nxd4 Re8
11. Nd5 Nxd5 12. exd5 Qc8
0-1

[Event "the leisure version for good players over 2200"]
[Site "SchemingMind.com"]
[Date "2020.09.23"]
[Round "-"]
[White "Uzi Mike"]
[Black "Keithk"]
[Result "1-0"]
[WhiteCountry "USA"]
[BlackCountry "ENG"]
[WhiteElo "2430"]
[WhiteRD "71"]
[BlackElo "2320"]
[BlackRD "67"]
[GameID "460269"]

1. d4 d5 2. c4 c6 3. Nf3 Nf6 4. cxd5 cxd5 5. Qb3 Nc6 6. Nc3 e6 7. Bf4 Ne4 8. e3 g5 9. Nxe4 gxf4 10. Nc3 fxe3
11. fxe3 Bh6 12. Kf2 Bd7 13. Bd3 Qe7 14. Rhe1
1-0

[Event "the leisure version for good players over 2200"]
[Site "SchemingMind.com"]
[Date "2020.09.22"]
[Round "-"]
[White "Keithk"]
[Black "Uzi Mike"]
[Result "0-1"]
[WhiteCountry "ENG"]
[BlackCountry "USA"]
[WhiteElo "2320"]
[WhiteRD "67"]
[BlackElo "2430"]
[BlackRD "71"]
[GameID "460270"]

1. e4 e5 2. Bc4 Nf6 3. d3 Nc6 4. Nf3 Be7 5. O-O O-O 6. Re1 d6 7. a4 Na5 8. Ba2 c5 9. Na3 Nc6 10. Bd2 Be6
11. Bxe6 fxe6 12. c3 a6 13. h3 Rb8 14. Nc4 b5
0-1

[Event "the leisure version for good players over 2200"]
[Site "SchemingMind.com"]
[Date "2020.09.19"]
[Round "-"]
[White "AussieMossie"]
[Black "Keithk"]
[Result "1-0"]
[WhiteCountry "AUS"]
[BlackCountry "ENG"]
[WhiteElo "2610"]
[WhiteRD "77"]
[BlackElo "2320"]
[BlackRD "67"]
[GameID "460271"]

1. e4 e5 2. Nf3 Nc6 3. Bb5 a6 4. Ba4 Nf6 5. O-O Be7 6. Re1 b5 7. Bb3 O-O 8. c3 d5 9. exd5 Nxd5 10. Nxe5 Nxe5
11. Rxe5 c6 12. Re1 Bd6 13. d4 Qh4 14. g3 Qh3 15. Qe2 Bg4 16. Qf1 Qh5 17. Nd2 Bh3 18. Qe2 Rae8 19. Qxe8 Rxe8 20. Rxe8+ Bf8
21. Re1 Qf5 22. Bd1
1-0

[Event "the leisure version for good players over 2200"]
[Site "SchemingMind.com"]
[Date "2020.09.19"]
[Round "-"]
[White "Keithk"]
[Black "AussieMossie"]
[Result "0-1"]
[WhiteCountry "ENG"]
[BlackCountry "AUS"]
[WhiteElo "2320"]
[WhiteRD "67"]
[BlackElo "2610"]
[BlackRD "77"]
[GameID "460272"]

1. d4 Nf6 2. c4 e6 3. Nf3 b6 4. g3 Bb7 5. Bg2 Be7 6. O-O O-O 7. Nc3 d5 8. Ne5 Nbd7 9. Bf4 c5 10. dxc5 Nxc5
11. Rc1 Rc8 12. Nb5 a5 13. Na7 Rc7 14. Nb5 Rc8 15. b3 Qe8 16. a4 Nfe4 17. cxd5 Bxd5 18. Nc4 Qd8 19. Na7 Ra8
0-1

[Event "the leisure version for good players over 2200"]
[Site "SchemingMind.com"]
[Date "2020.09.19"]
[Round "-"]
[White "frankly"]
[Black "Keithk"]
[Result "1-0"]
[WhiteCountry "ENG"]
[BlackCountry "ENG"]
[WhiteElo "2594"]
[WhiteRD "63"]
[BlackElo "2320"]
[BlackRD "67"]
[GameID "460273"]

1. e4 e5 2. Nf3 Nc6 3. Bb5 a6 4. Ba4 Nf6 5. O-O Be7 6. Re1 b5 7. Bb3 O-O 8. c3 d5 9. exd5 Nxd5 10. Nxe5 Nxe5
11. Rxe5 c6 12. Re1 Bd6 13. d3 Bf5 14. Qf3 Qh4 15. g3 Qh3 16. Be3 Bxd3 17. Nd2 Bf5 18. Bxd5 cxd5 19. Qxd5 Rfd8 20. Qg2 b4
21. Nc4
1-0

[Event "the leisure version for good players over 2200"]
[Site "SchemingMind.com"]
[Date "2020.09.19"]
[Round "-"]
[White "Keithk"]
[Black "frankly"]
[Result "0-1"]
[WhiteCountry "ENG"]
[BlackCountry "ENG"]
[WhiteElo "2320"]
[WhiteRD "67"]
[BlackElo "2594"]
[BlackRD "63"]
[GameID "460274"]

1. e4 c5 2. Nc3 d6 3. Nge2 Nf6 4. g3 e5 5. Bg2 Be7 6. a4 Nc6 7. O-O Bd7 8. d3 O-O 9. h3 a6 10. f4 h6
11. g4 exf4 12. Bxf4 Ne5 13. a5 Ng6 14. Bg3 Rc8 15. Kh1 Re8 16. Qe1 Be6 17. b3 Rc7 18. Nd1 Nh7 19. Ne3 Bf6 20. Rb1 Be5
0-1

[Event "the leisure version for good players over 2200"]
[Site "SchemingMind.com"]
[Date "2020.09.19"]
[Round "-"]
[White "William Lindberg"]
[Black "Keithk"]
[Result "1-0"]
[WhiteCountry "USA"]
[BlackCountry "ENG"]
[WhiteElo "2483"]
[WhiteRD "67"]
[BlackElo "2320"]
[BlackRD "67"]
[GameID "460275"]

1. c4 c5 2. Nf3 Nf6 3. e3 g6 4. Nc3 Bg7 5. d4 O-O 6. d5 d6 7. Bd3 Bg4 8. Be2 Bf5 9. O-O Qc7 10. Ng5 a6
11. e4 Bc8 12. h3 e6 13. Nf3 exd5 14. exd5 b6 15. Re1 Re8 16. Bf4 Nbd7 17. Qd2 Bb7 18. Bd3 Rxe1+ 19. Rxe1 Re8 20. Rxe8+ Nxe8
21. g4 Bc8 22. Qe3 Kf8 23. Kg2 Ne5 24. Nxe5 dxe5 25. Bh2 f5 26. f3 Qd6 27. Bc2 a5 28. a3 Qf6 29. Na4 Bd7 30. g5 Qd6
31. h4 Kf7 32. Qe2 Kg8 33. Nc3 Qe7 34. Ba4 Bxa4 35. Nxa4 Nd6 36. Nxb6 e4 37. b4 axb4 38. axb4 Bd4 39. b5
1-0

[Event "the leisure version for good players over 2200"]
[Site "SchemingMind.com"]
[Date "2020.09.19"]
[Round "-"]
[White "Keithk"]
[Black "William Lindberg"]
[Result "0-1"]
[WhiteCountry "ENG"]
[BlackCountry "USA"]
[WhiteElo "2320"]
[WhiteRD "67"]
[BlackElo "2483"]
[BlackRD "67"]
[GameID "460276"]

1. e4 e6 2. d4 d5 3. Nc3 Nf6 4. e5 Nfd7 5. f4 c5 6. Nf3 Nc6 7. Be3 Be7 8. Qd2 b6 9. Bb5 Bb7 10. O-O-O O-O
11. h4 cxd4 12. Nxd4 Rc8 13. Kb1 Bb4 14. Bxc6 Bxc6 15. a3 Bxc3 16. Qxc3 Qc7 17. g4 Nc5 18. h5 Ne4 19. Qd3 a5 20. g5 Bd7
21. Rdg1 Qc5 22. Nxe6 Qc6 23. Nxf8 Kxf8 24. g6 fxg6 25. hxg6 hxg6 26. e6 Be8 27. f5 Qc4 28. Qd1 Ke7 29. Rh7 Qc3 30. Bd4 Nd2+
31. Ka2 Qc4+ 32. b3 Qxd4 33. f6+ Kxf6
0-1

[Event "the leisure version for good players over 2200"]
[Site "SchemingMind.com"]
[Date "2020.09.29"]
[Round "-"]
[White "Apocalypse"]
[Black "Giraldo Menendez Rodriguez"]
[Result "0-1"]
[WhiteCountry "USA"]
[BlackCountry "CUB"]
[WhiteElo "2290"]
[WhiteRD "98"]
[BlackElo "2539"]
[BlackRD "80"]
[GameID "460524"]

1. e4 c5 2. d4 cxd4 3. f4 Nc6 4. Nf3 d5 5. Nxd4 dxe4 6. Be3 Nf6 7. Nc3 Qc7 8. Nxc6 bxc6 9. Qd4 g6 10. Nxe4 Bg7
11. O-O-O Nh5 12. Qa4 O-O 13. g3 Bg4 14. Re1 e5 15. Bc5 exf4 16. Bxf8 Rxf8 17. Be2 f3 18. Bd1 Rb8 19. c3 Bf5 20. Bxf3 Nf4
21. Qa6 Rb5 22. Re3 Ra5 23. Qc4 Be6 24. Nf6+ Bxf6 25. Qxf4 Qb6 26. Rxe6 Bg5 27. Re8+ Kg7 28. Qxg5 Rxg5 29. Bd1 Qa5 30. a3 Re5
31. Re1 Rxe8 32. Rxe8 Qg5+ 33. Kc2 h5 34. Be2 h4 35. Bc4 hxg3 36. hxg3 f5 37. Ra8 Qe3 38. Kb3 g5 39. Rg8+ Kh6 40. Rh8+ Kg6
41. Rg8+ Kh5
0-1

[Event "the leisure version for good players over 2200"]
[Site "SchemingMind.com"]
[Date "2020.09.29"]
[Round "-"]
[White "Giraldo Menendez Rodriguez"]
[Black "Apocalypse"]
[Result "1/2-1/2"]
[WhiteCountry "CUB"]
[BlackCountry "USA"]
[WhiteElo "2539"]
[WhiteRD "80"]
[BlackElo "2290"]
[BlackRD "98"]
[GameID "460525"]

1. e4 e5 2. Nf3 Nc6 3. Bb5 f5 4. Nc3 fxe4 5. Nxe4 Nf6 6. Nxf6+ Qxf6 7. Qe2 Be7 8. Bxc6 bxc6 9. Nxe5 Qe6 10. d4 Bf6
11. Nf3 Qxe2+ 12. Kxe2 Ba6+ 13. Kd1 O-O 14. Be3 Rae8 15. Kd2 d6 16. Rab1 Rd8 17. b3 c5 18. Rbe1 cxd4 19. Nxd4 Rd7 20. Ne6 Re8
21. Nf4 Bb7 22. f3 Bh4 23. Re2 Ba6 24. Nd3 Rde7 25. g3 Bg5 26. Rhe1 Bf6 27. h4 c5 28. Bf4 Bc3+ 29. Kxc3 Rxe2 30. Rxe2 Rxe2
31. Bxd6 Bxd3 32. Kxd3 Rf2 33. Bxc5 Rxf3+ 34. Kc4 a6 35. b4 Kf7 36. a4 Rxg3 37. b5 axb5+ 38. Kxb5 Rg2 39. c4=
1/2-1/2

[Event "the leisure version for good players over 2200"]
[Site "SchemingMind.com"]
[Date "2020.09.24"]
[Round "-"]
[White "Uzi Mike"]
[Black "Giraldo Menendez Rodriguez"]
[Result "1/2-1/2"]
[WhiteCountry "USA"]
[BlackCountry "CUB"]
[WhiteElo "2345"]
[WhiteRD "73"]
[BlackElo "2539"]
[BlackRD "80"]
[GameID "460528"]

1. e4 c5 2. Nf3 d6 3. d4 cxd4 4. Qxd4 Nc6 5. Qd3 g6 6. Be2 Nf6 7. Nc3 Bg7 8. O-O Bg4 9. Nd5 Nd7 10. c3 e6
11. Nf4 Nde5 12. Nxe5 Bxe2 13. Qxe2 Nxe5 14. Nd3 O-O 15. Nxe5 dxe5 16. Rd1 Qc7 17. Bg5 h6 18. Be3 Rfd8 19. a4 f5 20. f3 f4
21. Bf2 Bf8 22. Kh1 b6 23. Rdb1 Kf7 24. Be1 Bc5 25. Rd1 Rd7 26. b3 h5 27. Rxd7+ Qxd7 28. Rd1 Qe7 29. Qd2 g5 30. Qd7 Qxd7
31. Rxd7+ Kg6 32. g3 g4 33. Kg2 Rf8 34. Rd3 a5 35. c4 Bd4 36. Bd2 fxg3 37. Kxg3 Rh8 38. Kg2 Rf8=
1/2-1/2

[Event "the leisure version for good players over 2200"]
[Site "SchemingMind.com"]
[Date "2020.09.24"]
[Round "-"]
[White "Giraldo Menendez Rodriguez"]
[Black "Uzi Mike"]
[Result "1/2-1/2"]
[WhiteCountry "CUB"]
[BlackCountry "USA"]
[WhiteElo "2539"]
[WhiteRD "80"]
[BlackElo "2345"]
[BlackRD "73"]
[GameID "460529"]

1. e4 e5 2. Nf3 Nc6 3. Bb5 a6 4. Ba4 Nf6 5. O-O Be7 6. Re1 b5 7. Bb3 d6 8. c3 O-O 9. h3 Na5 10. Bc2 c5
11. d4 Qc7 12. Nbd2 cxd4 13. cxd4 Nc6 14. Nb3 a5 15. Be3 a4 16. Nbd2 Bd7 17. Rc1 Qb7 18. Qe2 Rfe8 19. Bd3 Rab8 20. d5 Nb4
21. Bb1 Rec8 22. Nf1 Ne8 23. g4 Na6 24. Ng3 Bd8 25. Nf5 Bxf5 26. gxf5 Bb6 27. Rxc8 Qxc8 28. Rc1 Qb7 29. Bxb6 Qxb6 30. Rc6 Qb7
31. a3 f6 32. Bd3 Nc5 33. Bc2 Qa7 34. Ne1 b4 35. Nd3=
1/2-1/2

[Event "the leisure version for good players over 2200"]
[Site "SchemingMind.com"]
[Date "2020.09.24"]
[Round "-"]
[White "AussieMossie"]
[Black "Giraldo Menendez Rodriguez"]
[Result "1/2-1/2"]
[WhiteCountry "AUS"]
[BlackCountry "CUB"]
[WhiteElo "2576"]
[WhiteRD "69"]
[BlackElo "2547"]
[BlackRD "71"]
[GameID "460530"]

1. e4 c5 2. Nf3 d6 3. d4 cxd4 4. Nxd4 Nf6 5. Nc3 a6 6. Be3 e5 7. Nb3 Be6 8. Be2 Be7 9. O-O O-O 10. Re1 Nbd7
11. a4 Rc8 12. Bf3 Rc6 13. Nd5 Bxd5 14. exd5 Rc8 15. Bd2 Nc5 16. Nxc5 Rxc5 17. b4 Rc7 18. h3 Qd7 19. c3 Rfc8 20. Rc1 g6
21. Qb3 b5 22. Ra1 Qf5 23. Qb1 Qxb1 24. Raxb1 Ne8 25. Be2 Nf6 26. axb5 axb5 27. Bxb5 Nxd5 28. c4 Nf4 29. c5 Rb8 30. Bf1 Ne6=
1/2-1/2

[Event "the leisure version for good players over 2200"]
[Site "SchemingMind.com"]
[Date "2020.09.24"]
[Round "-"]
[White "Giraldo Menendez Rodriguez"]
[Black "AussieMossie"]
[Result "1/2-1/2"]
[WhiteCountry "CUB"]
[BlackCountry "AUS"]
[WhiteElo "2547"]
[WhiteRD "71"]
[BlackElo "2576"]
[BlackRD "69"]
[GameID "460531"]

1. e4 e5 2. Nf3 Nc6 3. Bb5 a6 4. Ba4 Nf6 5. O-O Be7 6. Re1 b5 7. Bb3 d6 8. c3 O-O 9. h3 Na5 10. Bc2 c5
11. d4 Qc7 12. Nbd2 cxd4 13. cxd4 Nc6 14. Nb3 a5 15. Be3 a4 16. Nbd2 Bd7 17. Rc1 Rac8 18. Nf1 Qb8 19. Ng3 Rfe8 20. Bb1 g6
21. Qe2 Na5 22. Bd3 Nc4 23. Bxc4 Rxc4 24. Rxc4 bxc4 25. Rc1 Bb5 26. Bg5 exd4 27. Nxd4 d5 28. Nxb5 Qxb5 29. exd5 Nxd5 30. Bxe7 Rxe7
31. Qxc4 Qxb2 32. Rd1 Nb6 33. Qf4 Qb5 34. h4 Nd5 35. Qg5 Rd7 36. Re1 f6 37. Qg4 Kf7 38. Qe6+ Kg7 39. Qg4=
1/2-1/2

[Event "the leisure version for good players over 2200"]
[Site "SchemingMind.com"]
[Date "2020.09.24"]
[Round "-"]
[White "frankly"]
[Black "Giraldo Menendez Rodriguez"]
[Result "1-0"]
[WhiteCountry "ENG"]
[BlackCountry "CUB"]
[WhiteElo "2598"]
[WhiteRD "66"]
[BlackElo "2547"]
[BlackRD "71"]
[GameID "460532"]

1. d4 Nf6 2. c4 c6 3. Nf3 d5 4. Nc3 e6 5. Bg5 h6 6. Bh4 dxc4 7. e4 g5 8. Bg3 b5 9. Ne5 Bg7 10. h4 g4
11. Nxg4 Nxg4 12. Qxg4 Qxd4 13. Rd1 Qf6 14. e5 Qf5 15. Qxg7
1-0

[Event "the leisure version for good players over 2200"]
[Site "SchemingMind.com"]
[Date "2020.09.24"]
[Round "-"]
[White "Giraldo Menendez Rodriguez"]
[Black "frankly"]
[Result "1/2-1/2"]
[WhiteCountry "CUB"]
[BlackCountry "ENG"]
[WhiteElo "2547"]
[WhiteRD "71"]
[BlackElo "2598"]
[BlackRD "66"]
[GameID "460533"]

1. Nf3 d5 2. d4 Nf6 3. c4 c6 4. Nc3 e6 5. Bg5 h6 6. Bh4 dxc4 7. e4 g5 8. Bg3 b5 9. Be2 Bb7 10. h4 g4
11. Ne5 Nbd7 12. Nxd7 Qxd7 13. Be5 Qe7 14. b3 Rg8 15. Qc2 Bg7 16. Rd1 c5 17. Nxb5 Rd8 18. O-O Nxe4 19. Qxc4 Bd5 20. Qa4 Kf8
21. g3 a6 22. Qxa6 Ra8 23. Qb6 Bxe5 24. dxe5 Kg7 25. Bxg4 Rxa2 26. Qc7 Kf8 27. Qb8+=
1/2-1/2

[Event "the leisure version for good players over 2200"]
[Site "SchemingMind.com"]
[Date "2020.09.24"]
[Round "-"]
[White "William Lindberg"]
[Black "Giraldo Menendez Rodriguez"]
[Result "1/2-1/2"]
[WhiteCountry "USA"]
[BlackCountry "CUB"]
[WhiteElo "2437"]
[WhiteRD "63"]
[BlackElo "2547"]
[BlackRD "71"]
[GameID "460534"]

1. c4 e5 2. a3 Nf6 3. Nc3 d5 4. cxd5 Nxd5 5. Nf3 Nc6 6. e4 Nf4 7. d4 exd4 8. Bxf4 dxc3 9. Qxd8+ Nxd8 10. bxc3 Ne6
11. Bg3 Nc5 12. Bxc7 Bd7 13. Be5 Nxe4 14. Bd3 Nc5 15. Bc2 Be7 16. O-O O-O 17. Rfe1 Rfe8 18. a4 g6 19. a5 Bd8 20. Nd2 Bb5
21. Nb3 Nxb3 22. Bxb3 Rc8 23. Bd5 Bc6 24. Bxc6 Rxc6=
1/2-1/2

[Event "the leisure version for good players over 2200"]
[Site "SchemingMind.com"]
[Date "2020.09.25"]
[Round "-"]
[White "Giraldo Menendez Rodriguez"]
[Black "William Lindberg"]
[Result "1/2-1/2"]
[WhiteCountry "CUB"]
[BlackCountry "USA"]
[WhiteElo "2547"]
[WhiteRD "71"]
[BlackElo "2437"]
[BlackRD "63"]
[GameID "460535"]

1. Nf3 d5 2. d4 Nf6 3. c4 e6 4. Nc3 c5 5. cxd5 cxd4 6. Qxd4 exd5 7. e4 dxe4 8. Qxd8+ Kxd8 9. Ng5 Be6 10. Nxe6+ fxe6
11. Bg5 Ke8 12. Bb5+ Kf7 13. O-O-O a6 14. Ba4 b5 15. Bc2 Nc6 16. Nxe4 Be7 17. Nd6+ Bxd6 18. Rxd6 Rac8 19. a3 Nd5 20. Rd1 h6
21. Bh4 g5 22. Bg3 Rhd8 23. Rxd8 Rxd8 24. Be4 Na5 25. Bf3=
1/2-1/2

[Event "the leisure version for good players over 2200"]
[Site "SchemingMind.com"]
[Date "2020.09.25"]
[Round "-"]
[White "Keithk"]
[Black "Giraldo Menendez Rodriguez"]
[Result "0-1"]
[WhiteCountry "ENG"]
[BlackCountry "CUB"]
[WhiteElo "2320"]
[WhiteRD "67"]
[BlackElo "2591"]
[BlackRD "72"]
[GameID "460538"]

1. e4 c5 2. Nc3 d6 3. Nge2 Nf6 4. g3 g6 5. Bg2 Bg7 6. O-O Nc6 7. d3 O-O 8. h3 Rb8 9. f4 Bd7 10. Be3 b5
11. a3 a5 12. a4 b4 13. Nb5 Ne8 14. Rb1 Nd4 15. Nexd4 cxd4 16. Nxd4 Bxa4 17. Qd2 e5 18. Nf3 Bc6 19. b3 Nc7 20. fxe5 dxe5
21. h4 f5
0-1

[Event "the leisure version for good players over 2200"]
[Site "SchemingMind.com"]
[Date "2020.09.25"]
[Round "-"]
[White "Giraldo Menendez Rodriguez"]
[Black "Keithk"]
[Result "1-0"]
[WhiteCountry "CUB"]
[BlackCountry "ENG"]
[WhiteElo "2591"]
[WhiteRD "72"]
[BlackElo "2320"]
[BlackRD "67"]
[GameID "460539"]

1. e4 e5 2. Nf3 Nc6 3. Bb5 a6 4. Ba4 Nf6 5. O-O Be7 6. Re1 b5 7. Bb3 O-O 8. h3 Bb7 9. d3 d5 10. exd5 Nxd5
11. Nxe5 Nd4 12. Bd2 Re8 13. Nc3 Nxb3 14. axb3 Bd6 15. Nf3 Rxe1+ 16. Nxe1 Nxc3 17. Bxc3 b4 18. Bd4 Bh2+ 19. Kxh2 Qxd4 20. Qe2 Qxb2
21. Ra5
1-0

[Event "the leisure version for good players over 2200"]
[Site "SchemingMind.com"]
[Date "2020.10.04"]
[Round "-"]
[White "Apocalypse"]
[Black "The Stonewall"]
[Result "1/2-1/2"]
[WhiteCountry "USA"]
[BlackCountry "ENG"]
[WhiteElo "2385"]
[WhiteRD "95"]
[BlackElo "2497"]
[BlackRD "78"]
[GameID "460643"]

1. e4 c6 2. Nf3 d5 3. exd5 cxd5 4. Ne5 Nf6 5. d4 g6 6. Be2 Bg7 7. O-O O-O 8. Nc3 Nc6 9. Bf4 Bf5 10. Re1 Rc8
11. Nxc6 Rxc6 12. a4 a6 13. a5 Qd7 14. h3 Qc8 15. g4 Be6 16. Bf1 h5 17. f3 Ne8 18. Qd2 hxg4 19. hxg4 Nd6 20. Qf2 Rd8
21. Rad1 Nc4 22. Bxc4 Rxc4 23. Rd2 Re8 24. Qe3 Qc6 25. Na2 Ra4 26. Nc3 Rc4 27. Kg2 Bd7 28. Bh6 Bf6 29. Bf4 Bg7 30. Be5 f6
31. Bg3 Kf7 32. Kf2 e6 33. g5=
1/2-1/2

[Event "the leisure version for good players over 2200"]
[Site "SchemingMind.com"]
[Date "2020.10.04"]
[Round "-"]
[White "The Stonewall"]
[Black "Apocalypse"]
[Result "1/2-1/2"]
[WhiteCountry "ENG"]
[BlackCountry "USA"]
[WhiteElo "2497"]
[WhiteRD "78"]
[BlackElo "2385"]
[BlackRD "95"]
[GameID "460644"]

1. c4 e5 2. Nc3 Bb4 3. Qc2 Nf6 4. Nf3 d6 5. Qa4+ Nc6 6. Nd5 Ba5 7. b4 Bb6 8. Nxb6 cxb6 9. e3 Bg4 10. Bb2 a6
11. Be2 O-O 12. O-O d5 13. cxd5 Qxd5 14. d3 b5 15. Qa3 a5 16. bxa5 b4 17. Qb3 Rxa5 18. h3 Be6 19. Qxd5 Nxd5 20. Nxe5 Nxe5
21. Bxe5 Rc8 22. Bf3 Nxe3 23. fxe3 Rxe5 24. Rfb1 Rxe3 25. Rxb4 Rxd3 26. Bxb7 Rcd8 27. a4 Rd1+ 28. Rxd1 Rxd1+ 29. Kf2 Kf8 30. a5 Ra1
31. a6 Ke7 32. Ke3 Kd6=
1/2-1/2

[Event "the leisure version for good players over 2200"]
[Site "SchemingMind.com"]
[Date "2020.10.04"]
[Round "-"]
[White "The Stonewall"]
[Black "Uzi Mike"]
[Result "1/2-1/2"]
[WhiteCountry "ENG"]
[BlackCountry "USA"]
[WhiteElo "2442"]
[WhiteRD "72"]
[BlackElo "2420"]
[BlackRD "78"]
[GameID "460647"]

1. c4 Nf6 2. Nc3 g6 3. e4 c5 4. Nf3 Bg7 5. d4 cxd4 6. Nxd4 d6 7. Be2 O-O 8. O-O Bd7 9. Be3 Nc6 10. Qd2 Nxd4
11. Bxd4 Bc6 12. f3 a5 13. b3 Nd7 14. Be3 Be5 15. Rad1 Nc5 16. g3 e6 17. Rf2 f5 18. exf5 gxf5 19. Bf1 Qe7 20. Bg2 Rfd8
21. Re2 Qg7 22. Rc1 b6 23. Ree1 Bf6 24. Red1 h5 25. Qe1 h4 26. Bxc5 bxc5 27. Qxe6+ Kh8 28. Nb5 hxg3 29. hxg3 Bd7 30. Qd5 Bxb5
31. cxb5 Bd4+ 32. Kf1 Qxg3 33. Rxd4 cxd4 34. Qxd4+ Qg7 35. Qh4+ Qh7 36. Qf6+ Qg7 37. Qxf5 Qh6= 38. Rc7 Rab8 39. Qd3 Re8 40. Qc3+ Re5
41. Rc8+ Rxc8 42. Qxc8+ Kg7 43. Qd7+ Kg8 44. Qc8+ Kf7 45. Qc7+ Kf8 46. Qc8+=
1/2-1/2

[Event "the leisure version for good players over 2200"]
[Site "SchemingMind.com"]
[Date "2020.10.04"]
[Round "-"]
[White "Uzi Mike"]
[Black "The Stonewall"]
[Result "1/2-1/2"]
[WhiteCountry "USA"]
[BlackCountry "ENG"]
[WhiteElo "2345"]
[WhiteRD "73"]
[BlackElo "2441"]
[BlackRD "79"]
[GameID "460648"]

1. d4 Nf6 2. c4 c5 3. d5 g6 4. Nc3 Bg7 5. e4 d6 6. Nf3 O-O 7. Bg5 e6 8. Bd3 exd5 9. Nxd5 h6 10. Nxf6+ Bxf6
11. Bxh6 Bxb2 12. Rb1 Bg7 13. Qd2 Nc6 14. O-O b6 15. Bg5 Qe8 16. Rfe1 Qe6 17. Nh4 Bf6 18. Rbd1 Bb7 19. Bxf6 Qxf6 20. Qh6 Nd4
21. Re3 Rae8 22. Nf5 Nxf5 23. exf5 Rxe3 24. fxg6 fxg6 25. Qxe3 Kg7 26. Qg3 Re8 27. h4 Re5 28. a3 Kf7 29. Qg4 Re6 30. Qg3=
1/2-1/2

[Event "the leisure version for good players over 2200"]
[Site "SchemingMind.com"]
[Date "2020.10.04"]
[Round "-"]
[White "The Stonewall"]
[Black "AussieMossie"]
[Result "1/2-1/2"]
[WhiteCountry "ENG"]
[BlackCountry "AUS"]
[WhiteElo "2508"]
[WhiteRD "75"]
[BlackElo "2610"]
[BlackRD "77"]
[GameID "460649"]

1. d4 Nf6 2. Nf3 d5 3. g3 Bf5 4. Bg2 h6 5. c4 c6 6. Nc3 e6 7. Qb3 Qb6 8. O-O Nbd7 9. Nd2 Qxb3 10. Nxb3 a5
11. Nd2 Be7 12. e4 dxe4 13. Ndxe4 Nxe4 14. Bxe4 Bxe4 15. Nxe4 f5 16. Nc3 Kf7 17. Be3 Nf6 18. f3 a4 19. Rac1 b5 20. cxb5 cxb5
21. Bf4 b4 22. Nb5 Nd5 23. Be5 Rhc8 24. Nd6+ Bxd6 25. Bxd6 Rxc1 26. Rxc1 Ra6 27. Bc5 a3 28. b3 g5 29. Kf2 Ra8 30. Bd6 Ra7
31. h3 h5 32. Ke2 Rd7 33. Bc5 f4 34. g4 Kg6 35. Rh1 Rh7 36. gxh5+ Kxh5 37. Kd3 Kh4 38. Re1 Rh6 39. Rg1 Rg6 40. Ke2 Rg8
41. Rg4+ Kh5 42. Kd3 Rg6 43. Bf8 Rg8 44. Bc5 Rb8 45. Rg2 Rb7 46. Bf8 Kg6 47. Bc5 Kf5 48. Rh2 Rh7 49. Kc4 Rd7 50. Rh1 Rd8
51. Rh2 Rb8 52. Rh1 Kg6=
1/2-1/2